Statistics for Biggest "D" City by State

Click here to take the quiz!

General Stats

  • This quiz has been taken 138 times
  • The average score is 13 of 49

Answer Stats

StateCity% Correct
OregonDallas
84%
TexasDallas
84%
ColoradoDenver
84%
WashingtonDes Moines
82%
IowaDes Moines
82%
MichiganDetroit
80%
NevadaDayton
76%
OhioDayton
76%
TennesseeDover
76%
DelawareDover
76%
North CarolinaDurham
67%
MinnesotaDuluth
57%
IllinoisDecatur
35%
IndianaDecatur
35%
FloridaDavie
29%
ConnecticutDanbury
27%
CaliforniaDowney
24%
VirginiaDanville
22%
AlabamaDothan
22%
KansasDodge City
18%
WyomingDouglas
16%
ArizonaDouglas
16%
MassachusettsDartmouth
14%
VermontDerby
10%
New YorkDunkirk
10%
GeorgiaDunwoody
10%
North DakotaDickinson
8%
MarylandDundalk
8%
New MexicoDeming
6%
AlaskaDillingham
6%
OklahomaDuncan
6%
New JerseyDeptford
4%
South CarolinaDillon
4%
MontanaDillon
4%
UtahDraper
4%
West VirginiaDunbar
4%
IdahoDalton Gardens
2%
MissouriDardenne Prairie
2%
NebraskaDavid City
2%
South DakotaDell Rapids
2%
WisconsinDe Pere
2%
ArkansasDe Queen
2%
New HampshireDerry Village
2%
LouisianaDestrehan
2%
MississippiD'Iberville
2%
HawaiiDiscovery Harbour
2%
KentuckyDouglass Hills
2%
MaineDover-Foxcroft
2%
PennsylvaniaDuBois
2%

Score Distribution

Percentile by Number Answered

Percent of People with Each Score

Your Score History

You have not taken this quiz